000 00681nam a2200229Ia 4500
008 240729s9999 xx 000 0 und d
022 _a2055-298X
245 0 _aOpen Quaternary
260 _aUnited Kingdom
260 _bUbiquity Press
650 _a Anthropology
650 _a Anthropology
650 _a Geology
650 _a Human evolution | Geography. Anthropology. Recreation
650 _a Paleontology
650 _a Physical anthropology. Somatology
650 _a Prehistoric archaeology | Science
650 _aGeography. Anthropology. Recreation
856 _uhttps://doaj.org/toc/64882194e1e447a48e45fb225823bdb2
942 _2ddc
942 _cDOAJEJ
999 _c72616
_d72616
945 _a1
_bMadushi Gamage
_c1
_dMadushi Gamage